| 000 | 02016nam0a2200433 4500 | ||
|---|---|---|---|
| 001 | RU\NLR\bibl\1975334 | ||
| 005 | 20260419153830.0 | ||
| 010 |
_a978-5-244-01156-2 _91100 |
||
| 021 |
_aRU _b2012-89475 _96614 |
||
| 035 | _a(NLR Aleph) 001964115 | ||
| 035 | _a(nilc)RSL-KNO-005530738 | ||
| 090 |
_a3865903 _c3865903 |
||
| 100 | _a20121126d2012 u y0rusy50 ca | ||
| 101 | 1 |
_arus _cpol |
|
| 102 | _aRU | ||
| 105 | _aa ||||||||| | ||
| 200 | 1 |
_aЗагадки экономического роста _eдвижущие силы и кризисы - сравнительный анализ _fФонд Либеральная миссия _e[Л. Бальцерович и др.] _gпод науч. ред. Лешека Бальцеровича и Анджея Жоньцы _g[пер. с пол. Ю.В. Чайников] |
|
| 210 |
_aМосква _cМысль _d2012 |
||
| 215 |
_a510 с. _cил. _d22 |
||
| 300 | _aПер. изд.: Zagadki wzrostu gospodarczego. Warszawa, 2010 | ||
| 320 | _aБиблиогр.: с. 475-506 и в подстроч. примеч. | ||
| 320 | _aУказ.: с. 507-510 | ||
| 454 | 0 |
_12001#$aZagadki wzrostu gospodarczego _1210##$aWarszawa$d2010 _tZagadki wzrostu gospodarczego |
|
| 606 | 1 |
_aЭкономическая динамика _91665124 _3RU\NLR\auth\661036795 |
|
| 686 |
_aУ50-961-314,0 _2rubbk |
||
| 686 | _aУ5-961-31 | ||
| 686 | _aУ010.2 | ||
| 702 | 1 |
_aБальцерович _bЛ. _gЛешека _4220 |
|
| 712 | 0 | 2 |
_4570 _a"Либеральная миссия", фонд _cМосква _9603295 _3RU\NLR\AUTH\8810051491 |
| 801 | 0 |
_aRU _bRuMoRKP _c20121126 _grcr |
|
| 801 | 1 |
_aRU _bРГБ _c20121126 |
|
| 801 | 2 |
_aRU _bNLR _c20121205 _grcr |
|
| 942 | _cBOOK | ||
| 980 | _aNBR | ||
| 980 | _aIA | ||
| 980 | _aNB | ||
| 996 |
_aиноагент _bo _cНекоммерческая организация Научный фонд теоретических и прикладных исследований «Либеральная миссия» |
||